[Event "Sydney op"]
[Site "Sydney"]
[Date "2019.04.25"]
[Round "3"]
[White "Wagdy, Andro"]
[Black "Fernandez, Daniel Howard"]
[Result "0-1"]
[WhiteElo "2308"]
[BlackElo "2467"]
[PlyCount "72"]
[EventDate "2019.04.24"]
[EventType "swiss"]
[EventRounds "9"]
[EventCountry "AUS"]
[SourceTitle "CBM 190 Extra"]
[Source "ChessBase"]
[SourceDate "2019.07.15"]
[SourceVersion "1"]
[SourceVersionDate "2019.07.15"]
[SourceQuality "1"]

1. Nf3 d5 2. g3 Nf6 3. Bg2 g6 4. b3 Bg7 5. Bb2 c6 6. 0-0 0-0 7. d3 Bg4 8. Nbd2 Nbd7 9. h3 Bxf3 10. Nxf3 Ne8 11. Bxg7 Kxg7 12. c4 a5 13. Qc2 e6 14. Rab1 Qe7 15. Qb2+ Qf6 16. d4 Nd6 17. Nd2 a4 18. e3 axb3 19. axb3 h5 20. Rfd1 Nf5 21. b4 Ra7 22. Ra1 Rfa8 23. Rxa7 Rxa7 24. Ra1 Rxa1+ 25. Qxa1 Qe7 26. Qa5 b6 27. Qa4 Nf6 28. b5 c5 29. cxd5 exd5 30. dxc5 Qxc5 31. Qb3 d4 32. Qc4 Qa3 33. exd4 Qa1+ 34. Kh2 Qe1 35. Qd3 Qxf2 36. d5 Ne3 0-1

[Event "Golden Cleopatra op"]
[Site "Cairo"]
[Date "2016.12.17"]
[Round "6"]
[White "Aly, Khaled Mohamed"]
[Black "Wagdy, Andro"]
[Result "0-1"]
[WhiteElo "2064"]
[BlackElo "2266"]
[PlyCount "54"]
[EventDate "2016.12.13"]
[EventType "swiss"]
[EventRounds "10"]
[EventCountry "EGY"]
[SourceTitle "CBM 176 Extra"]
[Source "ChessBase"]
[SourceDate "2017.03.02"]
[SourceVersion "1"]
[SourceVersionDate "2017.03.02"]
[SourceQuality "1"]

1. e4 e6 2. Nf3 d5 3. e5 c5 4. g3 Nc6 5. Bg2 Qc7 6. Qe2 Nd4 7. Nxd4 cxd4 8. d3 Bb4+ 9. c3 dxc3 10. 0-0 c2 11. Nd2 Ne7 12. Qg4 Nc6 13. Nf3 0-0 14. Bg5 Kh8 15. Qh4 Be7 16. Bf6 gxf6 17. exf6 Rg8 18. Ng5 Rxg5 19. Qxg5 Bf8 20. Rac1 Bd7 21. Qh5 Nb4 22. Rfe1 Nxd3 23. Re4 Nxc1 24. h3 Ne2+ 25. Rxe2 c1Q+ 26. Kh2 Qh6 27. Qxf7 Qg6 0-1

[Event "Africa-ch U18"]
[Site "Monastir"]
[Date "2014.12.26"]
[Round "7.3"]
[White "Mulauzi, Joshua"]
[Black "Wagdy, Andro"]
[Result "1/2-1/2"]
[WhiteElo "1741"]
[BlackElo "2224"]
[PlyCount "37"]
[EventDate "2014.12.21"]
[EventType "swiss"]
[EventRounds "9"]
[EventCountry "TUN"]
[SourceTitle "EXT 2024"]
[Source "ChessBase"]
[SourceDate "2023.10.10"]
[SourceVersion "1"]
[SourceVersionDate "2023.10.10"]
[SourceQuality "1"]

1. d4 Nf6 2. Nf3 e6 3. g3 b6 4. Bg2 Bb7 5. 0-0 Be7 6. c4 0-0 7. Nc3 Na6 8. a3 Ne4 9. Nxe4 Bxe4 10. Qa4 Qc8 11. b4 c5 12. dxc5 bxc5 13. b5 Nc7 14. Nd2 Bxg2 15. Kxg2 Qb7+ 16. Kg1 d5 17. Rb1 Rab8 18. Qc2 a6 19. a4 1/2-1/2

[Event "Africa-ch U18"]
[Site "Monastir"]
[Date "2014.12.23"]
[Round "5.3"]
[White "Nassr, Ali"]
[Black "Wagdy, Andro"]
[Result "1/2-1/2"]
[WhiteElo "2222"]
[BlackElo "2224"]
[PlyCount "79"]
[EventDate "2014.12.21"]
[EventType "swiss"]
[EventRounds "9"]
[EventCountry "TUN"]
[SourceTitle "EXT 2024"]
[Source "ChessBase"]
[SourceDate "2023.10.10"]
[SourceVersion "1"]
[SourceVersionDate "2023.10.10"]
[SourceQuality "1"]

1. Nf3 Nf6 2. e3 d5 3. b3 g6 4. Bb2 Bg7 5. Be2 0-0 6. 0-0 c6 7. c4 e6 8. Qc2 Ne4 9. Bxg7 Kxg7 10. d3 Ng5 11. Qc3+ Kg8 12. Nbd2 Nd7 13. e4 dxe4 14. dxe4 e5 15. Nxg5 Qxg5 16. Rad1 Qe7 17. b4 c5 18. a3 b6 19. Bg4 Nf6 20. Bxc8 Raxc8 21. f3 Qe6 22. b5 Rfd8 23. Nb3 Rd6 24. Rd3 Rcd8 25. Rfd1 Rxd3 26. Rxd3 Rxd3 27. Qxd3 Qd7 28. Qxd7 Nxd7 29. a4 Kf8 30. Kf2 Ke7 31. Ke3 Kd6 32. Kd3 Nf8 33. a5 Ne6 34. a6 Nd4 35. Nd2 Ne6 36. g3 Nd4 37. Ke3 Nc2+ 38. Kf2 Nd4 39. Nb1 Nc2 40. Nd2 1/2-1/2

[Event "Cairo Masters op"]
[Site "Cairo"]
[Date "2014.02.22"]
[Round "4"]
[White "Atea, Khaled"]
[Black "Wagdy, Andro"]
[Result "1/2-1/2"]
[WhiteElo "2203"]
[BlackElo "2148"]
[PlyCount "224"]
[EventDate "2014.02.20"]
[EventType "swiss"]
[EventRounds "9"]
[EventCountry "EGY"]
[SourceTitle "EXT 2015"]
[Source "ChessBase"]
[SourceDate "2014.11.20"]
[SourceVersion "1"]
[SourceVersionDate "2014.11.20"]
[SourceQuality "1"]

1. d4 Nf6 2. c4 e6 3. Nc3 Bb4 4. e3 b6 5. Be2 Bb7 6. Bf3 Ne4 7. Qc2 Bxc3+ 8. bxc3 f5 9. Ne2 0-0 10. Ba3 Re8 11. Ng3 Nd6 12. Bxb7 Nxb7 13. e4 Na5 14. Qd3 d5 15. e5 Nxc4 16. Bc1 c5 17. 0-0 Nc6 18. Nh5 Qh4 19. Nf4 cxd4 20. cxd4 Rac8 21. g3 Qe7 22. a3 a5 23. Rb1 Rb8 24. h4 b5 25. Rd1 Qa7 26. Kg2 b4 27. a4 b3 28. Rxb3 Rxb3 29. Qxb3 Nxd4 30. Qd3 Nc6 31. Nxe6 Nb4 32. Qxf5 Qd7 33. Nd4 Qxa4 34. Re1 Rf8 35. Qe6+ Kh8 36. Qe7 Qe8 37. Qxe8 Rxe8 38. e6 Kg8 39. h5 a4 40. h6 a3 41. hxg7 Kxg7 42. Bg5 a2 43. e7 Kf7 44. Nb3 Ra8 45. Rh1 Nc2 46. Rxh7+ Kg6 47. Rh6+ Kxg5 48. Ra6 Re8 49. Rxa2 Ne1+ 50. Kf1 Nf3 51. Ra7 Kf6 52. Rd7 Rxe7 53. Rxd5 Re1+ 54. Kg2 Nce5 55. Nd2 Rg1+ 56. Kh3 Ne1 57. Kh2 Rg2+ 58. Kh3 Ke6 59. Rxe5+ Kxe5 60. Nf3+ Ke4 61. Nxe1 Rxf2 62. Ng2 Kf5 63. Ne3+ Kg5 64. Ng4 Re2 65. Nh2 Rf2 66. Ng4 Rf8 67. Nh2 Rf7 68. Kg2 Ra7 69. Nf3+ Kf5 70. Nh2 Ra2+ 71. Kh3 Ra3 72. Kg2 Re3 73. Kf2 Re4 74. Kf3 Ra4 75. Nf1 Ra3+ 76. Kg2 Rd3 77. Nh2 Rd2+ 78. Kh3 Re2 79. Nf3 Re8 80. Nh4+ Ke4 81. Kg2 Rg8 82. Kf2 Rg5 83. Ng2 Rd5 84. Nh4 Rd7 85. Kf1 Ke3 86. Kg1 Rf7 87. Kh1 Ke4 88. Kg1 Re7 89. Kf1 Kd4 90. Kg1 Re2 91. Kf1 Ra2 92. Kg1 Ke5 93. Nf3+ Kf5 94. Nh2 Ke4 95. Kh1 Ke3 96. Kg1 Rb2 97. Nf1+ Kf3 98. Nh2+ Kxg3 99. Nf1+ Kf3 100. Nh2+ Kf4 101. Nf1 Re2 102. Nh2 Kg3 103. Nf1+ Kh3 104. Kh1 Rf2 105. Kg1 Rg2+ 106. Kh1 Rg5 107. Nd2 Re5 108. Nf1 Rf5 109. Kg1 Rf3 110. Nd2 Rf8 111. Nf1 Rf3 112. Nd2 Rf4 1/2-1/2

[Event "Wch U16"]
[Site "Al Ain"]
[Date "2013.12.27"]
[Round "10"]
[White "Bellahcene, Bilel"]
[Black "Wagdy, Andro"]
[Result "1/2-1/2"]
[WhiteElo "2311"]
[BlackElo "2109"]
[PlyCount "88"]
[EventDate "2013.12.18"]
[EventType "swiss"]
[EventRounds "11"]
[EventCountry "UAE"]
[SourceTitle "CBM 158 Extra"]
[Source "ChessBase"]
[SourceDate "2014.02.28"]
[SourceVersion "1"]
[SourceVersionDate "2014.02.28"]
[SourceQuality "1"]

1. e4 e6 2. d4 d5 3. Nc3 Nf6 4. e5 Nfd7 5. f4 c5 6. Nf3 Nc6 7. Be3 a6 8. Qd2 b5 9. a3 Qb6 10. Qf2 cxd4 11. Nxd4 Nxd4 12. Bxd4 Bc5 13. Bxc5 Qxc5 14. Bd3 Qxf2+ 15. Kxf2 0-0 16. Rhe1 Bb7 17. Ne2 f6 18. exf6 Rxf6 19. Kg1 Re8 20. Nd4 Kf7 21. g3 e5 22. fxe5 Rxe5 23. c3 g6 24. Rxe5 Nxe5 25. Be2 Nc6 26. Rd1 Nxd4 27. Rxd4 Bc6 28. Kg2 Ke6 29. Bf3 Ke5 30. Kf2 Rf8 31. Ke3 Rf7 32. Bg2 Re7 33. Kd2 Rf7 34. Ke3 Re7 35. Rd2 Kd6+ 36. Kd4 Re1 37. Bf3 Rf1 38. Bd1 Bd7 39. Bb3 Be6 40. a4 Re1 41. axb5 Re4+ 42. Kd3 axb5 43. Re2 Rxe2 44. Kxe2 Ke5 1/2-1/2

[Event "EGY-ch"]
[Site "Cairo"]
[Date "2013.03.31"]
[Round "6"]
[White "Ibrahim, Hatim"]
[Black "Wagdy, Andro"]
[Result "0-1"]
[WhiteElo "2391"]
[BlackElo "2065"]
[PlyCount "116"]
[EventDate "2013.03.26"]
[EventType "swiss"]
[EventRounds "9"]
[EventCountry "EGY"]
[SourceTitle "CBM 153 Extra"]
[Source "ChessBase"]
[SourceDate "2013.04.22"]
[SourceVersion "1"]
[SourceVersionDate "2013.04.22"]
[SourceQuality "1"]

1. Nf3 Nf6 2. c4 e6 3. g3 d5 4. Bg2 g6 5. 0-0 Bg7 6. d4 0-0 7. Nc3 Nbd7 8. Qd3 Re8 9. Bf4 c6 10. Rfe1 Nh5 11. Bg5 Qb6 12. e4 dxc4 13. Qxc4 Nhf6 14. Rab1 a5 15. e5 Nd5 16. Ne4 h6 17. Bd2 Qd8 18. a3 Nb8 19. Qc1 Kh7 20. Nd6 Rf8 21. h4 Na6 22. Qc2 Kg8 23. Qc1 Kh7 24. Bf1 Nac7 25. Nxc8 Qxc8 26. Bd3 Ne7 27. h5 Rh8 28. Kg2 Kg8 29. hxg6 fxg6 30. Qc5 Ncd5 31. Rbc1 Qe8 32. Be4 Qf7 33. Re2 Rf8 34. Qxa5 g5 35. Qc5 Nf5 36. Rh1 Rd8 37. Bc3 Bf8 38. Qc4 Be7 39. Qd3 g4 40. Nh2 h5 41. Bxd5 Rxd5 42. Qe4 Rh7 43. a4 Bg5 44. a5 Rg7 45. Ra1 Qd7 46. a6 bxa6 47. Rxa6 Qb7 48. Ra4 Be7 49. Re1 c5 50. dxc5 Bxc5 51. Rea1 Rf7 52. Rf1 Kg7 53. Rc4 Qb5 54. Bb4 Bxf2 55. Nxg4 Nxg3 56. Qc2 Nxf1 57. Bf8+ Rxf8 58. Rc7+ Rd7 0-1

[Event "EGY-ch U20"]
[Site "Cairo"]
[Date "2013.02.27"]
[Round "3.5"]
[White "Wagdy, Andro"]
[Black "Abdel Hameid, Mohsen"]
[Result "1-0"]
[WhiteElo "2080"]
[BlackElo "1909"]
[PlyCount "117"]
[EventDate "2013.02.02"]
[EventType "swiss"]
[EventRounds "9"]
[EventCountry "EGY"]
[SourceTitle "EXT 2024"]
[Source "ChessBase"]
[SourceDate "2023.10.10"]
[SourceVersion "1"]
[SourceVersionDate "2023.10.10"]
[SourceQuality "1"]

1. d4 Nf6 2. c4 g6 3. Nc3 Bg7 4. e4 d6 5. f3 0-0 6. Be3 Nbd7 7. Qd2 c5 8. d5 Qa5 9. 0-0-0 a6 10. Bh6 Rb8 11. Bxg7 Kxg7 12. b3 b5 13. Nb1 Qb6 14. Na3 b4 15. Nc2 a5 16. Bd3 a4 17. Ne2 Ra8 18. Kb2 Bb7 19. h4 Qa5 20. Ra1 Ne5 21. h5 gxh5 22. Nf4 Kh8 23. Nxh5 Nxh5 24. Rxh5 a3+ 25. Kc1 Rg8 26. Ne3 Bc8 27. Kc2 Rg7 28. Rah1 Qd8 29. Be2 f6 30. g4 Qg8 31. Qe1 Qf7 32. Qf1 Bd7 33. f4 Ng6 34. Nf5 Bxf5 35. exf5 Nf8 36. Qh3 Ra7 37. Bd3 Rb7 38. g5 fxg5 39. fxg5 Rc7 40. Qe3 Kg8 41. Rh6 Kh8 42. Kd1 Ra7 43. f6 exf6 44. gxf6 Rg8 45. Bf5 Ng6 46. Rxh7+ Qxh7 47. Rxh7+ Rxh7 48. Bxg6 Rh1+ 49. Ke2 Rh2+ 50. Kd3 Rxg6 51. Qe8+ Kh7 52. f7 Rg4 53. f8Q Rd4+ 54. Ke3 Rh3+ 55. Qf3 Rxf3+ 56. Kxf3 Rd3+ 57. Kg4 Rc3 58. Qe7+ Kg8 59. Qxd6 1-0

[Event "Aswan op 3rd"]
[Site "Aswan"]
[Date "2012.12.05"]
[Round "4"]
[White "Morsy, Nader"]
[Black "Wagdy, Andro"]
[Result "0-1"]
[WhiteElo "1621"]
[BlackElo "2081"]
[PlyCount "82"]
[EventDate "2012.12.02"]
[EventType "swiss"]
[EventRounds "9"]
[EventCountry "EGY"]
[SourceTitle "EXT 2014"]
[Source "ChessBase"]
[SourceDate "2013.11.20"]
[SourceVersion "1"]
[SourceVersionDate "2013.11.20"]
[SourceQuality "1"]

1. d4 Nf6 2. Bg5 d5 3. Nf3 h6 4. Bxf6 exf6 5. e3 Bd6 6. a3 0-0 7. c4 dxc4 8. Bxc4 Nd7 9. 0-0 Nb6 10. Bb3 Bg4 11. Nbd2 c6 12. Rc1 Bc7 13. Qc2 Kh8 14. Nh4 Qd6 15. Nhf3 Qd7 16. Rfe1 Rac8 17. Qd3 Bf5 18. e4 Bh7 19. Nh4 Rfd8 20. Ndf3 Bf4 21. Qb1 Bxc1 22. Qxc1 Qc7 23. e5 fxe5 24. Nxe5 Nd5 25. Bc2 Bxc2 26. Qxc2 Kg8 27. Nf5 f6 28. Ng4 Re8 29. Rxe8+ Rxe8 30. Qd2 Qf4 31. Qxf4 Nxf4 32. h3 Re2 33. b4 Ra2 34. Nd6 Ne2+ 35. Kh2 Nxd4 36. Nxb7 Rxa3 37. Ne3 Rb3 38. Nc4 Rxb4 39. Nca5 Rb5 40. Kg3 Nb3 41. Nxb3 Rxb3+ 0-1

[Event "Wch U16"]
[Site "Maribor"]
[Date "2012.11.14"]
[Round "7.37"]
[White "Benidze, Gigla"]
[Black "Wagdy, Andro"]
[Result "1-0"]
[WhiteElo "1965"]
[BlackElo "2084"]
[PlyCount "70"]
[EventDate "2012.11.08"]
[EventType "swiss"]
[EventRounds "11"]
[EventCountry "SLO"]
[SourceTitle "EXT 2013"]
[Source "ChessBase"]
[SourceDate "2012.11.22"]
[SourceVersion "1"]
[SourceVersionDate "2012.11.22"]
[SourceQuality "1"]

1. e4 e6 2. d4 d5 3. Nc3 Nf6 4. e5 Nfd7 5. Nce2 c5 6. c3 Nc6 7. f4 Be7 8. Nf3 0-0 9. h4 Rb8 10. h5 b5 11. g4 f6 12. Bg2 b4 13. h6 g6 14. f5 fxe5 15. fxg6 e4 16. gxh7+ Kh8 17. Nf4 Rxf4 18. Bxf4 exf3 19. Bxf3 Bh4+ 20. Kf1 Ba6+ 21. Kg2 bxc3 22. Bxb8 Ndxb8 23. bxc3 cxd4 24. cxd4 Bf6 25. Rb1 Bxd4 26. Re1 e5 27. Qb3 Bc4 28. Qc2 Qe7 29. Qg6 Qxh7 30. Qf6+ Kg8 31. Rxb8+ Nxb8 32. Qd8+ Kf7 33. Bxd5+ Bxd5+ 34. Qxd5+ Ke8 35. Qxd4 Qc2+ 1-0

[Event "Wch U16"]
[Site "Maribor"]
[Date "2012.11.12"]
[Round "5.25"]
[White "Lampert, Jonas"]
[Black "Wagdy, Andro"]
[Result "0-1"]
[WhiteElo "2292"]
[BlackElo "2084"]
[PlyCount "78"]
[EventDate "2012.11.08"]
[EventType "swiss"]
[EventRounds "11"]
[EventCountry "SLO"]
[SourceTitle "EXT 2013"]
[Source "ChessBase"]
[SourceDate "2012.11.22"]
[SourceVersion "1"]
[SourceVersionDate "2012.11.22"]
[SourceQuality "1"]

1. e4 e6 2. d4 d5 3. Nc3 Nf6 4. e5 Nfd7 5. f4 c5 6. Nf3 Nc6 7. Be3 a6 8. Qd2 Be7 9. Be2 0-0 10. 0-0 b6 11. Rad1 Kh8 12. Qe1 f6 13. exf6 Bxf6 14. Qf2 Bb7 15. dxc5 bxc5 16. Bxc5 Nxc5 17. Qxc5 Be7 18. Qe3 Qd6 19. Ng5 Bxg5 20. fxg5 Ne7 21. Bd3 e5 22. Kh1 e4 23. Be2 Nf5 24. Qh3 Qe5 25. Bg4 Ne7 26. Qe3 d4 27. Rxf8+ Rxf8 28. Qg3 Qxg3 29. hxg3 dxc3 30. bxc3 Nd5 31. Be6 Nxc3 32. Rd7 Bc8 33. Re7 Bxe6 34. Rxe6 Ra8 35. Kg1 Nxa2 36. Rxe4 a5 37. g6 hxg6 38. c4 a4 39. c5 Nc3 0-1

[Event "Cairo Masters"]
[Site "Cairo"]
[Date "2012.07.03"]
[Round "4.5"]
[White "Sarwat, Walaa"]
[Black "Wagdy, Andro"]
[Result "1/2-1/2"]
[WhiteElo "2346"]
[BlackElo "2039"]
[PlyCount "47"]
[EventDate "2012.06.30"]
[EventType "swiss"]
[EventRounds "5"]
[EventCountry "EGY"]
[SourceTitle "EXT 2014"]
[Source "ChessBase"]
[SourceDate "2013.11.20"]
[SourceVersion "1"]
[SourceVersionDate "2013.11.20"]
[SourceQuality "1"]

1. e4 e6 2. c3 d5 3. e5 c5 4. Nf3 Nc6 5. Bd3 Qc7 6. Qe2 c4 7. Bc2 f6 8. exf6 Nxf6 9. b3 cxb3 10. axb3 e5 11. h3 Be7 12. Ba3 0-0 13. Bxe7 Qxe7 14. d3 Nh5 15. g3 Qf6 16. Nfd2 g6 17. b4 Be6 18. b5 Ne7 19. Bb3 Nc8 20. Na3 Nb6 21. Nf1 d4 22. Bxe6+ Qxe6 23. cxd4 Qd5 24. Qa2 1/2-1/2

[Event "Dubai op U14 10th"]
[Site "Dubai"]
[Date "2011.07.09"]
[Round "8"]
[White "Dolor, Kyle Cedrick"]
[Black "Wagdy, Andro"]
[Result "0-1"]
[WhiteElo "1596"]
[BlackElo "1962"]
[PlyCount "58"]
[EventDate "2011.07.03"]
[EventType "swiss"]
[EventRounds "9"]
[EventCountry "UAE"]
[SourceTitle "CBM 143 Extra"]
[Source "ChessBase"]
[SourceDate "2011.08.29"]
[SourceVersion "1"]
[SourceVersionDate "2011.08.29"]
[SourceQuality "1"]

1. e4 c5 2. Nc3 Nc6 3. g3 g6 4. d3 Bg7 5. Be3 Nd4 6. Qd2 e6 7. Bg2 Ne7 8. Nge2 0-0 9. Nd1 d5 10. Nxd4 cxd4 11. Bh6 dxe4 12. Bxe4 Bxh6 13. Qxh6 Qc7 14. h4 f5 15. Bg2 Qe5+ 16. Kd2 Bd7 17. h5 Rf7 18. hxg6 Nxg6 19. f4 Qa5+ 20. Ke2 Rc8 21. c4 dxc3 22. Nxc3 Bc6 23. Bxc6 Rxc6 24. Rh2 Qb4 25. Nd1 e5 26. Qh5 exf4 27. Qg5 Rc2+ 28. Kf1 Rxh2 29. Nf2 Qxb2 0-1